| 000 | 00000nam##2200000za#4500 |
| 001 | 9.700014 |
| 003 | CaOODSP |
| 005 | 20210625000637 |
| 007 | cr ||||||||||| |
| 008 | 150407|1976||||xxc|||||o f|0| 0 eng|d |
| 040 | |aCaOODSP|beng |
| 043 | |an-cn--- |
| 086 | 1 |aJS22-34/1976E-PDF |
| 110 | 1 |aCanada. |bSolicitor General Canada. |
| 245 | 14|aThe report of the Commission of Inquiry Relating to Public Complaints, Internal Discipline and Grievance Procedure Within the Royal Canadian Mounted Police / |h[electronic resource]|ccommissioners : René J. Marin (chairman), Robin P. Bourne, Robert A. Potvin, Donald K. Wilson, and Ross Wimmer. |
| 260 | |bSolicitor General Canada |c1976. |
| 300 | |a217p.|bfig., table |
| 500 | |aHistorical publication digitized in 2012 by Privy Council Office of Canada. |
| 590 | |a15-04-Supp|b2015-03-19 |
| 690 | 07|aCommissions of inquiry|2gcpds |
| 690 | 07|aComplaints|2gcpds |
| 690 | 07|aPolice services|2gcpds |
| 775 | 08|tLe rapport de la Commission d'enquête sur les plaintes du public, la discipline interne et le règlement des griefs au sein de la Gendarmerie royale du Canada / |w(CaOODSP)9.643929 |
| 856 | 40|ahttp://publications.gc.ca|qPDF|s7.61 MB|uhttps://publications.gc.ca/collections/collection_2014/sp-ps/JS22-34-1976-eng.pdf |